[Event "55th Rubinstein Memorial-A 2019"]
[Site "Polanica-Zdroj"]
[Date "2019.08.19"]
[Round "3.23"]
[White "Rosicki, Marcin"]
[Black "Jedynak, January"]
[Result "0-1"]
[WhiteElo "2042"]
[BlackElo "1822"]
[Annotator "NA"]
[PlyCount "66"]
[EventDate "2019.08.17"]
[EventType "swiss"]
[EventCountry "POL"]
[SourceTitle "playchess.com"]
[Source "ChessBase"]
[SourceQuality "1"]
[TimeControl "40/5400+30:1800+30"]

1. e4 e5 2. Nc3 Nf6 3. f4 d5 4. fxe5 Nxe4 5. Nf3 Be7 6. Qe2 f5 7. d3 Nxc3 8. bxc3 c5 9. Qf2 O-O 10. Be2 h6 11. O-O Be6 12. d4 Nc6 13. Rb1 Rb8 14. Bd2 c4 15. Ne1 Qa5 16. Bh5 g5 17. h4 Kg7 18. hxg5 hxg5 19. Bd1 Rh8 20. Nf3 Qd8 21. g3 Kg6 22. Be2 Qa5 23. Qe3 Qd8 24. Kf2 g4 25. Ne1 Rh2+ 26. Ng2 Qh8 27. Qf4 Qh3 28. Rg1 Nd8 29. Bf1 Nf7 30. Ke1 Bg5 31. Qxg5+ Nxg5 32. Nf4+ Kf7 33. Bxh3 Nf3+ 0-1

[Event "55th Rubinstein Memorial-A 2019"]
[Site "Polanica-Zdroj"]
[Date "2019.08.19"]
[Round "3.24"]
[White "Jeda, Maciej"]
[Black "Czarniecka, Aleksandra"]
[Result "0-1"]
[WhiteElo "1815"]
[BlackElo "2042"]
[Annotator "NA"]
[PlyCount "65"]
[EventDate "2019.08.17"]
[EventType "swiss"]
[EventCountry "POL"]
[SourceTitle "playchess.com"]
[Source "ChessBase"]
[SourceQuality "1"]
[TimeControl "40/5400+30:1800+30"]

1. e4 {[%emt 0:00:00]} c5 {[%emt 0:00:00]} 2. Nf3 {[%emt 0:00:00]} d6 {[%emt 0:00:00]} 3. d4 {[%emt 0:00:00]} cxd4 {[%emt 0:00:00]} 4. Nxd4 {[%emt 0:00:05]} Nf6 {[%emt 0:00:00]} 5. Bd3 {[%emt 0:00:26]} Nc6 {[%emt 0:01:01]} 6. Ne2 {[%emt 0:00:24]} g6 {[%emt 0:11:38]} 7. O-O {[%emt 0:05:10]} Bg7 {[%emt 0:00:32]} 8. c4 {[%emt 0:01:32]} O-O {[%emt 0:03:00]} 9. Nbc3 {[%emt 0:00:22]} Nd7 {[%emt 0:13:39]} 10. f4 {[%emt 0:04:25]} Nc5 {[%emt 0:03:08]} 11. Be3 {[%emt 0:02:13]} Nb4 {[%emt 0:08:44]} 12. Bb1 {[%emt 0:03:09]} Be6 {[%emt 0:02:06]} 13. b3 {[%emt 0:07:51]} Bg4 {[%emt 0:07:25]} 14. Bd4 {[%emt 0:04:28]} Bh6 {[%emt 0:10:14]} 15. h3 {[%emt 0:08:35]} Bxe2 {[%emt 0:01:49]} 16. Nxe2 {[%emt 0:01:24]} Nc6 {[%emt 0:03:11]} 17. Bc3 {[%emt 0:02:54]} e5 {[%emt 0:05:06]} 18. Kh2 {[%emt 0:25:59]} Ne6 {[%emt 0:04:03]} 19. f5 {[%emt 0:02:47]} Nf4 {[%emt 0:02:56]} 20. Nxf4 {[%emt 0:01:02]} Bxf4+ {[%emt 0:02:48]} 21. g3 {[%emt 0:02:10]} Be3 {[%emt 0:00:39]} 22. f6 {[%emt 0:02:59]} Bd4 {[%emt 0:00:55]} 23. Bxd4 {[%emt 0:01:57]} Nxd4 {[%emt 0:00:14]} 24. Qd2 {[%emt 0:02:23]} Kh8 {[%emt 0:01:33]} 25. Bd3 {[%emt 0:01:05]} a5 {[%emt 0:04:54]} 26. Kg2 {[%emt 0:02:04]} Rg8 {[%emt 0:01:00]} 27. h4 {[%emt 0:05:17]} Qc8 {[%emt 0:02:46]} 28. Rf2 {[%emt 0:01:28]} Qg4 {[%emt 0:01:40]} 29. Rh1 {[%emt 0:06:55]} g5 {[%emt 0:00:54]} 30. hxg5 {[%emt 0:02:19]} Rxg5 {[%emt 0:00:23]} 31. Kf1 {[%emt 0:01:57]} Rg6 32. Be2 Qxe4 33. Rfh2 0-1

[Event "55th Rubinstein Memorial-A 2019"]
[Site "Polanica-Zdroj"]
[Date "2019.08.19"]
[Round "3.25"]
[White "Jankowiak, Piotr"]
[Black "Goraj, Barbara"]
[Result "0-1"]
[WhiteElo "2033"]
[BlackElo "1800"]
[Annotator "NA"]
[PlyCount "88"]
[EventDate "2019.08.17"]
[EventType "swiss"]
[EventCountry "POL"]
[SourceTitle "playchess.com"]
[Source "ChessBase"]
[SourceQuality "1"]
[TimeControl "40/5400+30:1800+30"]

1. d4 {[%emt 0:00:00]} Nf6 {[%emt 0:00:00]} 2. Bf4 {[%emt 0:00:00]} g6 {[%emt 0:00:00]} 3. Nc3 {[%emt 0:00:00]} d5 {[%emt 0:00:00]} 4. e3 {[%emt 0:00:01]} Bg7 {[%emt 0:00:07]} 5. h4 {[%emt 0:00:09]} c6 {[%emt 0:01:37]} 6. Nf3 {[%emt 0:03:11]} Bg4 {[%emt 0:02:31]} 7. Be2 {[%emt 0:01:02]} h5 {[%emt 0:00:13]} 8. Ne5 {[%emt 0:01:04]} Bxe2 {[%emt 0:00:09]} 9. Qxe2 {[%emt 0:00:10]} Nfd7 {[%emt 0:00:07]} 10. e4 {[%emt 0:20:07]} Nxe5 {[%emt 0:11:22]} 11. Bxe5 {[%emt 0:00:25]} Bxe5 {[%emt 0:01:55]} 12. dxe5 {[%emt 0:00:06]} d4 {[%emt 0:00:50]} 13. O-O-O {[%emt 0:01:24]} Qb6 {[%emt 0:10:56]} 14. Nb1 {[%emt 0:03:25]} c5 {[%emt 0:03:07]} 15. c3 {[%emt 0:13:38]} Qe6 {[%emt 0:06:02]} 16. cxd4 {[%emt 0:08:18]} cxd4 {[%emt 0:03:04]} 17. Rxd4 {[%emt 0:17:19]} Nc6 {[%emt 0:03:43]} 18. Rd5 {[%emt 0:02:48]} O-O {[%emt 0:01:41]} 19. Nc3 {[%emt 0:01:35]} Rac8 {[%emt 0:08:47]} 20. Kb1 {[%emt 0:00:53]} Nxe5 {[%emt 0:03:28]} 21. f3 {[%emt 0:04:21]} a6 {[%emt 0:07:21]} 22. g4 {[%emt 0:01:03]} hxg4 {[%emt 0:00:59]} 23. fxg4 {[%emt 0:00:35]} b5 {[%emt 0:05:30]} 24. a3 {[%emt 0:05:18]} Kg7 {[%emt 0:02:08]} 25. g5 {[%emt 0:02:18]} Rh8 {[%emt 0:01:47]} 26. h5 {[%emt 0:00:25]} Rxh5 {[%emt 0:04:57]} 27. Rxh5 {[%emt 0:00:09]} gxh5 {[%emt 0:00:05]} 28. Qxh5 {[%emt 0:00:30]} Nc4 {[%emt 0:00:42]} 29. Qd1 {[%emt 0:02:14]} Kg6 {[%emt 0:01:54]} 30. Qh1 {[%emt 0:03:24]} Kg7 {[%emt 0:01:07]} 31. Qd1 {[%emt 0:00:08]} Qb6 {[%emt 0:01:30]} 32. Qe1 {[%emt 0:07:31]} Rh8 {[%emt 0:02:11]} 33. Rd3 {[%emt 0:00:36]} Rh2 {[%emt 0:01:16]} 34. Nd1 {[%emt 0:00:24]} Qc6 {[%emt 0:02:24]} 35. Qc3+ {[%emt 0:01:33]} e5 {[%emt 0:00:57]} 36. Rd5 {[%emt 0:00:47]} Re2 {[%emt 0:03:35]} 37. Rxe5 {[%emt 0:01:04]} Nxe5 {[%emt 0:01:45]} 38. Qxe5+ {[%emt 0:00:02]} Kg8 {[%emt 0:01:12]} 39. Nc3 {[%emt 0:00:25]} Rg2 {[%emt 0:02:47]} 40. Qb8+ {[%emt 0:00:00]} Kh7 {[%emt 0:00:00]} 41. Qf4 {[%emt 0:03:01]} Qg6 {[%emt 0:05:10]} 42. Nd5 {[%emt 0:04:00]} Rxg5 {[%emt 0:02:26]} 43. Ne3 {[%emt 0:03:25]} a5 {[%emt 0:08:32]} 44. Nd5 {[%emt 0:04:41]} Rxd5 {[%emt 0:01:08]} 0-1

[Event "55th Rubinstein Memorial-A 2019"]
[Site "Polanica-Zdroj"]
[Date "2019.08.19"]
[Round "3.26"]
[White "Pluta, Natalia"]
[Black "Derylo, Kamil"]
[Result "1-0"]
[WhiteElo "1808"]
[BlackElo "2030"]
[Annotator "NA"]
[PlyCount "79"]
[EventDate "2019.08.17"]
[EventType "swiss"]
[EventCountry "POL"]
[SourceTitle "playchess.com"]
[Source "ChessBase"]
[SourceQuality "1"]
[TimeControl "40/5400+30:1800+30"]

1. c4 {[%emt 0:08:36]} Nf6 {[%emt 0:00:00]} 2. g3 {[%emt 0:00:04]} g6 {[%emt 0:00:07]} 3. Bg2 {[%emt 0:00:04]} Bg7 {[%emt 0:00:10]} 4. Nc3 {[%emt 0:00:01]} O-O {[%emt 0:00:20]} 5. d4 {[%emt 0:00:08]} d6 {[%emt 0:02:45]} 6. e3 {[%emt 0:00:06]} c6 {[%emt 0:03:21]} 7. Nge2 {[%emt 0:00:15]} Nbd7 {[%emt 0:03:04]} 8. O-O {[%emt 0:00:34]} e5 {[%emt 0:00:25]} 9. b3 {[%emt 0:01:50]} Qe7 {[%emt 0:05:19]} 10. Ba3 {[%emt 0:00:35]} Rd8 {[%emt 0:05:36]} 11. Qc2 {[%emt 0:02:12]} Ne8 {[%emt 0:04:15]} 12. Rad1 {[%emt 0:00:36]} f5 {[%emt 0:01:53]} 13. e4 {[%emt 0:03:28]} exd4 {[%emt 0:07:48]} 14. Nxd4 {[%emt 0:00:10]} fxe4 {[%emt 0:12:41]} 15. Nxe4 {[%emt 0:07:22]} Ndf6 {[%emt 0:02:41]} 16. Ng5 {[%emt 0:02:20]} Ng4 {[%emt 0:03:21]} 17. Ngf3 {[%emt 0:02:41]} Ne5 {[%emt 0:02:54]} 18. Nh4 {[%emt 0:06:38]} Qc7 {[%emt 0:02:01]} 19. Rfe1 {[%emt 0:02:06]} Bf6 {[%emt 0:01:45]} 20. f4 {[%emt 0:04:20]} Bxh4 {[%emt 0:04:03]} 21. gxh4 {[%emt 0:04:38]} Ng4 {[%emt 0:01:11]} 22. h3 {[%emt 0:00:50]} Ngf6 {[%emt 0:00:35]} 23. f5 {[%emt 0:02:23]} Qa5 {[%emt 0:04:24]} 24. fxg6 {[%emt 0:06:05]} Qxa3 {[%emt 0:12:41]} 25. gxh7+ {[%emt 0:00:18]} Kh8 {[%emt 0:00:26]} 26. Qg6 {[%emt 0:01:10]} Bd7 {[%emt 0:02:46]} 27. Rxe8+ {[%emt 0:03:06]} Rxe8 {[%emt 0:00:42]} 28. Qxf6+ {[%emt 0:00:29]} Kxh7 {[%emt 0:00:06]} 29. Qf7+ {[%emt 0:02:22]} Kh8 {[%emt 0:00:10]} 30. Qxd7 {[%emt 0:01:02]} Rg8 {[%emt 0:03:04]} 31. Qe6 {[%emt 0:02:10]} Rg7 {[%emt 0:05:20]} 32. Qh6+ {[%emt 0:05:00]} Rh7 {[%emt 0:03:51]} 33. Qf6+ {[%emt 0:00:44]} Kg8 {[%emt 0:00:05]} 34. Ne6 {[%emt 0:00:56]} Qxa2 {[%emt 0:04:15]} 35. Rf1 {[%emt 0:00:34]} Rd7 {[%emt 0:00:49]} 36. Qg6+ {[%emt 0:00:18]} Kh8 {[%emt 0:00:11]} 37. Qh6+ {[%emt 0:00:13]} Kg8 {[%emt 0:00:23]} 38. Rf8+ {[%emt 0:00:05]} Rxf8 {[%emt 0:00:12]} 39. Qxf8+ {[%emt 0:00:02]} Kh7 {[%emt 0:00:07]} 40. Be4# {[%emt 0:00:00]} 1-0

[Event "55th Rubinstein Memorial-A 2019"]
[Site "Polanica-Zdroj"]
[Date "2019.08.19"]
[Round "3.27"]
[White "Betkowski, Andrzej"]
[Black "Kejna, Piotr"]
[Result "1-0"]
[WhiteElo "2023"]
[BlackElo "1774"]
[Annotator "NA RC"]
[PlyCount "57"]
[EventDate "2019.08.17"]
[EventType "swiss"]
[EventCountry "POL"]
[SourceTitle "playchess.com"]
[Source "ChessBase"]
[SourceQuality "1"]
[TimeControl "40/5400+30:1800+30"]

1. d4 {[%emt 0:00:00]} Nf6 {[%emt 0:00:00]} 2. Bf4 {[%emt 0:00:00]} d6 {[%emt 0:00:42]} 3. Nc3 {[%emt 0:01:56]} g6 {[%emt 0:00:56]} 4. e4 {[%emt 0:00:18]} c6 {[%emt 0:02:05]} 5. Qd2 {[%emt 0:02:02]} Bg7 {[%emt 0:01:07]} 6. f3 {[%emt 0:03:59]} b5 {[%emt 0:01:17]} 7. Bh6 {[%emt 0:06:01]} O-O {[%emt 0:00:19]} 8. O-O-O {[%emt 0:04:41]} a5 {[%emt 0:00:49]} 9. h4 {[%emt 0:01:13]} a4 {[%emt 0:01:49]} 10. h5 {[%emt 0:03:34]} Qc7 {[%emt 0:01:55]} 11. hxg6 {[%emt 0:04:59]} fxg6 {[%emt 0:00:13]} 12. Bxg7 {[%emt 0:01:09]} Kxg7 {[%emt 0:00:02]} 13. Qh6+ {[%emt 0:00:30]} Kg8 {[%emt 0:00:12]} 14. e5 {[%emt 0:09:30]} dxe5 {[%emt 0:00:22]} 15. Ne4 {[%emt 0:03:15]} exd4 {[%emt 0:01:10]} 16. Rxd4 {[%emt 0:04:27]} Nh5 {[%emt 0:13:06]} 17. Ng5 {[%emt 0:09:15]} e5 {[%emt 0:02:00]} 18. Rd6 {[%emt 0:07:03]} Qg7 {[%emt 0:02:23]} 19. Qxh7+ {[%emt 0:06:19]} Qxh7 {[%emt 0:00:32]} 20. Nxh7 {[%emt 0:00:08]} Kxh7 {[%emt 0:00:20]} 21. Bd3 {[%emt 0:00:23]} Bf5 {[%emt 0:01:05]} 22. Bxf5 {[%emt 0:00:32]} Rxf5 {[%emt 0:00:51]} 23. g4 {[%emt 0:00:30]} Rf7 {[%emt 0:02:27]} 24. gxh5 {[%emt 0:01:14]} gxh5 {[%emt 0:02:17]} 25. Rxh5+ {[%emt 0:00:07]} Kg7 {[%emt 0:00:04]} 26. Rg5+ {[%emt 0:04:48]} Kf8 {[%emt 0:00:29]} 27. Rd8+ {[%emt 0:00:26]} Ke7 {[%emt 0:00:12]} 28. Rgg8 {[%emt 0:00:27]} e4 {[%emt 0:00:17]} 29. Rge8+ {[%emt 0:00:31]} 1-0

[Event "55th Rubinstein Memorial-A 2019"]
[Site "Polanica-Zdroj"]
[Date "2019.08.20"]
[Round "4.1"]
[White "Lewtak, Damian"]
[Black "Warakomski, Tomasz"]
[Result "0-1"]
[WhiteElo "2354"]
[BlackElo "2497"]
[Annotator "ChessBase"]
[PlyCount "80"]
[EventDate "2019.08.17"]
[EventType "swiss"]
[EventCountry "POL"]
[SourceTitle "playchess.com"]
[Source "ChessBase"]
[SourceQuality "1"]
[TimeControl "40/5400+30:1800+30"]

1. e4 {[%emt 0:00:00]} c5 {[%emt 0:01:58]} 2. Nf3 {[%emt 0:00:22]} Nc6 {[%emt 0:00:04]} 3. d4 {[%emt 0:00:53]} cxd4 {[%emt 0:00:04]} 4. Nxd4 {[%emt 0:00:03]} Nf6 {[%emt 0:00:04]} 5. Nc3 {[%emt 0:00:11]} d6 {[%emt 0:00:03]} 6. Bg5 {[%emt 0:00:40]} e6 {[%emt 0:00:05]} 7. Qd2 {[%emt 0:01:09]} a6 {[%emt 0:00:05]} 8. O-O-O {[%emt 0:00:10]} Bd7 {[%emt 0:00:02]} 9. f4 {[%emt 0:01:52]} b5 {[%emt 0:00:05]} 10. Bxf6 {[%emt 0:00:11]} gxf6 {[%emt 0:01:14]} 11. Kb1 {[%emt 0:00:17]} Qb6 {[%emt 0:06:07]} 12. Nxc6 {[%emt 0:02:29]} Bxc6 {[%emt 0:00:13]} 13. f5 {[%emt 0:00:32]} b4 {[%emt 0:19:27]} 14. Ne2 {[%emt 0:00:05]} e5 {[%emt 0:00:02]} 15. Ng3 {[%emt 0:00:09]} Qc5 {[%emt 0:00:02]} 16. Nh5 {[%emt 0:05:47]} Ke7 {[%emt 0:03:31]} 17. h4 {[%emt 0:24:57]} Rg8 {[%emt 0:03:18]} 18. Bd3 {[%emt 0:08:45]} a5 {[%emt 0:03:22]} 19. Rc1 {[%emt 0:07:06]} d5 {[%emt 0:20:16]} 20. exd5 {[%emt 0:00:53]} Bxd5 {[%emt 0:00:05]} 21. Rhg1 {[%emt 0:05:43]} Rg4 {[%emt 0:07:35]} 22. g3 {[%emt 0:01:54]} a4 {[%emt 0:02:22]} 23. c3 {[%emt 0:10:12]} bxc3 {[%emt 0:10:51]} 24. bxc3 {[%emt 0:03:37]} Rb8+ {[%emt 0:06:44]} 25. Ka1 {[%emt 0:00:06]} a3 {[%emt 0:01:42]} 26. Rgd1 {[%emt 0:03:26]} Rb2 {[%emt 0:00:26]} 27. Rc2 {[%emt 0:00:23]} Bh6 {[%emt 0:00:03]} 28. Qe1 {[%emt 0:02:25]} Rg8 {[%emt 0:05:53]} 29. Rb1 {[%emt 0:03:27]} Bf3 {[%emt 0:00:20]} 30. Rcxb2 {[%emt 0:01:02]} axb2+ {[%emt 0:00:04]} 31. Rxb2 {[%emt 0:00:03]} Bxh5 {[%emt 0:00:23]} 32. Rb7+ {[%emt 0:00:52]} Kf8 {[%emt 0:00:36]} 33. Kb2 {[%emt 0:02:05]} Bf3 {[%emt 0:02:00]} 34. Rb8+ {[%emt 0:01:13]} Kg7 {[%emt 0:00:05]} 35. Rxg8+ {[%emt 0:00:10]} Kxg8 {[%emt 0:00:04]} 36. Be4 {[%emt 0:00:13]} Qb5+ {[%emt 0:00:45]} 37. Kc2 {[%emt 0:00:21]} Qa4+ {[%emt 0:00:42]} 38. Kd3 {[%emt 0:00:05]} Bd1 {[%emt 0:00:22]} 39. Bd5 {[%emt 0:00:26]} Qc2+ {[%emt 0:00:41]} 40. Kc4 {[%emt 0:00:00]} Qxa2+ {[%emt 0:00:00] Kd4} 0-1

[Event "55th Rubinstein Memorial-A 2019"]
[Site "Polanica-Zdroj"]
[Date "2019.08.20"]
[Round "4.2"]
[White "Kozak, Antoni"]
[Black "Cukrowski, Filip"]
[Result "0-1"]
[WhiteElo "2354"]
[BlackElo "2424"]
[Annotator "NA"]
[PlyCount "98"]
[EventDate "2019.08.17"]
[EventType "swiss"]
[EventCountry "POL"]
[SourceTitle "playchess.com"]
[Source "ChessBase"]
[SourceQuality "1"]
[TimeControl "40/5400+30:1800+30"]

1. d4 {[%emt 0:00:00]} Nf6 {[%emt 0:07:25]} 2. c4 {[%emt 0:00:00]} e6 {[%emt 0:00:05]} 3. Nf3 {[%emt 0:00:00]} d5 {[%emt 0:04:49]} 4. Nc3 {[%emt 0:00:53]} Be7 {[%emt 0:01:00]} 5. Bf4 {[%emt 0:00:16]} O-O {[%emt 0:01:08]} 6. a3 {[%emt 0:00:17]} a6 {[%emt 0:06:03]} 7. cxd5 {[%emt 0:01:39]} exd5 {[%emt 0:00:15]} 8. e3 {[%emt 0:00:06]} Bf5 {[%emt 0:03:30]} 9. Ne5 {[%emt 0:08:25]} c5 {[%emt 0:12:41]} 10. g4 {[%emt 0:06:03]} cxd4 {[%emt 0:05:17]} 11. exd4 {[%emt 0:00:54]} Be6 {[%emt 0:02:02]} 12. Bg2 {[%emt 0:03:36]} Nc6 {[%emt 0:01:18]} 13. h3 {[%emt 0:00:18]} Nd7 {[%emt 0:10:02]} 14. Nf3 {[%emt 0:01:54]} Nb6 {[%emt 0:06:00]} 15. O-O {[%emt 0:05:54]} Nc4 {[%emt 0:01:21]} 16. Ra2 {[%emt 0:09:24]} b5 {[%emt 0:09:19]} 17. Nb1 {[%emt 0:00:50]} Rc8 {[%emt 0:00:54]} 18. b3 {[%emt 0:01:37]} Nd6 {[%emt 0:00:05]} 19. Qd3 {[%emt 0:02:24]} Ne4 {[%emt 0:01:04]} 20. Qe3 {[%emt 0:02:42]} Qd7 {[%emt 0:02:03]} 21. Rc1 {[%emt 0:00:58]} h5 {[%emt 0:08:17]} 22. gxh5 {[%emt 0:02:37]} Bxh3 {[%emt 0:00:08]} 23. Bxh3 {[%emt 0:00:04]} Qxh3 {[%emt 0:00:09]} 24. Rac2 {[%emt 0:00:05]} Qg4+ {[%emt 0:01:31]} 25. Kf1 {[%emt 0:00:52]} Qh3+ {[%emt 0:01:39]} 26. Ke2 {[%emt 0:01:09]} Na5 {[%emt 0:01:08]} 27. h6 {[%emt 0:05:01]} Rxc2+ {[%emt 0:00:30]} 28. Rxc2 {[%emt 0:00:01]} g5 {[%emt 0:01:02]} 29. Bc7 {[%emt 0:02:40]} Rc8 {[%emt 0:00:24]} 30. Kd1 {[%emt 0:07:11]} g4 {[%emt 0:04:56]} 31. Bxa5 {[%emt 0:00:08]} Rxc2 {[%emt 0:00:27]} 32. Kxc2 {[%emt 0:00:06]} Qxf3 {[%emt 0:00:20]} 33. Qxf3 {[%emt 0:00:31]} gxf3 {[%emt 0:00:04]} 34. Be1 {[%emt 0:00:06]} Kh7 {[%emt 0:00:35]} 35. Nd2 {[%emt 0:01:04]} Nxd2 {[%emt 0:05:01]} 36. Bxd2 {[%emt 0:01:54]} Bh4 {[%emt 0:00:03]} 37. Be3 {[%emt 0:01:50]} f5 {[%emt 0:00:03]} 38. Kd3 {[%emt 0:00:05]} Kg6 {[%emt 0:00:16]} 39. Kd2 {[%emt 0:01:21]} Be7 {[%emt 0:01:59]} 40. b4 {[%emt 0:00:00]} Bh4 {[%emt 0:00:00]} 41. Ke1 {[%emt 0:04:22]} Bd8 {[%emt 0:01:56]} 42. Kf1 {[%emt 0:04:17]} a5 {[%emt 0:00:22]} 43. Ke1 {[%emt 0:04:19]} axb4 {[%emt 0:00:32]} 44. axb4 {[%emt 0:00:05]} Bc7 {[%emt 0:00:10]} 45. Bg5 {[%emt 0:00:13]} Bd6 {[%emt 0:00:04]} 46. Bd2 {[%emt 0:01:02]} f4 {[%emt 0:00:04]} 47. Bc3 {[%emt 0:01:01]} Kxh6 {[%emt 0:00:05]} 48. Kd2 {[%emt 0:00:04]} Kg5 {[%emt 0:00:12]} 49. Kd3 {[%emt 0:00:12]} Kg4 {[%emt 0:00:03]} 0-1

[Event "55th Rubinstein Memorial-A 2019"]
[Site "Polanica-Zdroj"]
[Date "2019.08.20"]
[Round "4.3"]
[White "Kucza, Karol"]
[Black "Oglaza, Oskar"]
[Result "0-1"]
[WhiteElo "2296"]
[BlackElo "2367"]
[Annotator "NA"]
[PlyCount "90"]
[EventDate "2019.08.17"]
[EventType "swiss"]
[EventCountry "POL"]
[SourceTitle "playchess.com"]
[Source "ChessBase"]
[SourceQuality "1"]
[TimeControl "40/5400+30:1800+30"]

1. e4 {[%emt 0:00:00]} c5 {[%emt 0:00:00]} 2. Nf3 {[%emt 0:00:00]} e6 {[%emt 0:00:00]} 3. d4 {[%emt 0:00:22]} cxd4 {[%emt 0:00:02]} 4. Nxd4 {[%emt 0:00:03]} Nc6 {[%emt 0:00:05]} 5. Nc3 {[%emt 0:03:05]} Qc7 {[%emt 0:00:08]} 6. Be3 {[%emt 0:00:06]} a6 {[%emt 0:00:04]} 7. Qd2 {[%emt 0:00:04]} Nf6 {[%emt 0:00:07]} 8. O-O-O {[%emt 0:00:06]} Be7 {[%emt 0:00:09]} 9. f4 {[%emt 0:10:43]} b5 {[%emt 0:00:35]} 10. e5 {[%emt 0:01:49]} b4 {[%emt 0:00:27]} 11. exf6 {[%emt 0:00:05]} bxc3 {[%emt 0:00:03]} 12. Qxc3 {[%emt 0:00:04]} Bxf6 {[%emt 0:00:03]} 13. g4 {[%emt 0:02:30]} Bb7 {[%emt 0:22:19]} 14. Rg1 {[%emt 0:04:30]} Rc8 {[%emt 0:03:34]} 15. g5 {[%emt 0:46:58]} Bxd4 {[%emt 0:03:51]} 16. Bxd4 {[%emt 0:00:05]} Qxf4+ {[%emt 0:03:11]} 17. Be3 {[%emt 0:00:05]} Qe5 {[%emt 0:00:41]} 18. Qxe5 {[%emt 0:00:16]} Nxe5 {[%emt 0:00:05]} 19. Bf4 {[%emt 0:00:05]} Ng6 {[%emt 0:09:26]} 20. Bd6 {[%emt 0:00:13]} f5 {[%emt 0:03:17]} 21. gxf6 {[%emt 0:00:59]} gxf6 {[%emt 0:00:06]} 22. Rd4 {[%emt 0:08:09]} Kf7 {[%emt 0:06:55]} 23. Bg3 {[%emt 0:00:10]} Rhd8 {[%emt 0:11:08]} 24. Rb4 {[%emt 0:00:07]} Bd5 {[%emt 0:00:10]} 25. Bxa6 {[%emt 0:00:55]} Ra8 {[%emt 0:00:05]} 26. Rb6 {[%emt 0:01:21]} f5 {[%emt 0:02:34]} 27. Bd6 {[%emt 0:03:58]} f4 {[%emt 0:05:50]} 28. a4 {[%emt 0:03:42]} f3 {[%emt 0:06:05]} 29. a5 {[%emt 0:00:59]} Rxa6 {[%emt 0:05:09]} 30. Rxa6 {[%emt 0:00:14]} Bc4 {[%emt 0:00:02]} 31. Ra7 {[%emt 0:00:06]} f2 {[%emt 0:00:03]} 32. Bc5 {[%emt 0:00:03]} fxg1=Q+ {[%emt 0:00:20]} 33. Bxg1 {[%emt 0:00:03]} Ne7 {[%emt 0:07:36]} 34. Bb6 {[%emt 0:01:03]} Nc8 {[%emt 0:00:05]} 35. Bxd8 {[%emt 0:02:01]} Nxa7 {[%emt 0:00:03]} 36. Kd2 {[%emt 0:00:10]} d5 {[%emt 0:00:14]} 37. b3 {[%emt 0:00:52]} Ba6 {[%emt 0:00:40]} 38. Bb6 {[%emt 0:00:22]} Nc6 {[%emt 0:00:04]} 39. c3 {[%emt 0:00:05]} e5 {[%emt 0:00:08]} 40. Ke3 {[%emt 0:00:00]} Ke6 {[%emt 0:00:00]} 41. b4 {[%emt 0:00:42]} Bc4 {[%emt 0:02:10]} 42. Bc5 {[%emt 0:00:15]} Kf5 {[%emt 0:00:36]} 43. Kf3 {[%emt 0:00:05]} d4 {[%emt 0:00:40]} 44. cxd4 {[%emt 0:00:04]} exd4 {[%emt 0:00:03]} 45. Bd6 {[%emt 0:00:25]} Ne5+ {[%emt 0:00:33]} 0-1

[Event "55th Rubinstein Memorial-A 2019"]
[Site "Polanica-Zdroj"]
[Date "2019.08.20"]
[Round "4.4"]
[White "Grabarczyk, Miroslaw"]
[Black "Mis, Mieszko"]
[Result "1-0"]
[WhiteElo "2362"]
[BlackElo "2296"]
[Annotator "NA"]
[PlyCount "62"]
[EventDate "2019.08.17"]
[EventType "swiss"]
[EventCountry "POL"]
[SourceTitle "playchess.com"]
[Source "ChessBase"]
[SourceQuality "1"]
[TimeControl "40/5400+30:1800+30"]

1. d4 {[%emt 0:00:00]} Nf6 {[%emt 0:00:00]} 2. c4 {[%emt 0:00:00]} e6 {[%emt 0:00:04]} 3. Nf3 {[%emt 0:00:00]} d5 {[%emt 0:00:17]} 4. Nc3 {[%emt 0:02:12]} c5 {[%emt 0:01:10]} 5. cxd5 {[%emt 0:00:58]} Nxd5 {[%emt 0:00:19]} 6. e4 {[%emt 0:02:47]} Nxc3 {[%emt 0:00:05]} 7. bxc3 {[%emt 0:00:06]} cxd4 {[%emt 0:00:05]} 8. cxd4 {[%emt 0:00:08]} Bb4+ {[%emt 0:00:13]} 9. Bd2 {[%emt 0:00:10]} Bxd2+ {[%emt 0:00:04]} 10. Qxd2 {[%emt 0:00:10]} O-O {[%emt 0:00:12]} 11. Bc4 {[%emt 0:00:55]} Nd7 {[%emt 0:00:25]} 12. O-O {[%emt 0:00:39]} b6 {[%emt 0:00:21]} 13. a4 {[%emt 0:03:05]} Bb7 {[%emt 0:04:19]} 14. Rfe1 {[%emt 0:00:12]} Rc8 {[%emt 0:02:25]} 15. Bd3 {[%emt 0:03:41]} a5 {[%emt 0:16:07]} 16. Bb5 {[%emt 0:12:59]} Nf6 {[%emt 0:04:28]} 17. Qd3 {[%emt 0:00:32]} h6 {[%emt 0:03:20]} 18. Ne5 {[%emt 0:04:23]} Qc7 {[%emt 0:09:41]} 19. f3 {[%emt 0:05:07]} Rfd8 {[%emt 0:05:58]} 20. Qe3 {[%emt 0:06:21]} Qc3 {[%emt 0:17:40]} 21. Qxc3 {[%emt 0:02:00]} Rxc3 {[%emt 0:00:03]} 22. Rec1 {[%emt 0:00:23]} Rdc8 {[%emt 0:01:09]} 23. Rxc3 {[%emt 0:00:16]} Rxc3 {[%emt 0:00:04]} 24. Nc4 {[%emt 0:03:27]} Nd7 {[%emt 0:09:47]} 25. Rb1 {[%emt 0:13:35]} Bc8 {[%emt 0:00:50]} 26. Kf2 {[%emt 0:03:47]} Rc2+ {[%emt 0:09:48]} 27. Ke3 {[%emt 0:01:05]} Nf6 {[%emt 0:00:37]} 28. Nxb6 {[%emt 0:02:07]} Bb7 {[%emt 0:00:29]} 29. Nc4 {[%emt 0:03:41]} Rxg2 {[%emt 0:06:03]} 30. Nd6 {[%emt 0:00:14]} Ba8 {[%emt 0:00:16]} 31. Rc1 {[%emt 0:00:19]} Bb7 1-0